| LEADER 00000nam 2200000uu 4500 |
| 001 210833 |
| 003 ULIBM |
| 008 020711s2558 th a 000 0 tha d |
| 041 ^atha^beng
|
| 060 4 วพ WT31 น231ร 2558
|
| 100 นรากร เลไธสง
|
| 245 รายงานวิทยานิพนธ์เรื่อง รูปแบบการดำเนินงานดูแลสุขภาพผู้สูงอายุ ตำบลหินโคน อำเภอลำปลายมาศ จังหวัดบุรีรัมย์=^bThe model of involvement for elderly care in lampaimat distict,buriram province/^cนรากร เลไธสง
|
| 246 00 ^aThe model of involvement for elderly care in lampaimat distict,buriram province
|
| 260 มหาสารคาม :^bมหาวิทยาลัยมหาสารคาม,^c2558
|
| 300 [ก]-ช,155 หน้า :^bภาพประกอบ ;^c29 ซม.
|
| 500 ^aวิทยานิพนธ์ (สม.) - - สาขาวิชาสาธารณสุขศาสตร์ มหาวิทยาลัยมหาสารคาม,2558
|
| 650 4 ผู้สูงอายุ
|
| 650 4 ^aผู้สูงอายุ^xการดูแล
|
| 710 0 ^aมหาวิทยาลัยมหาสารคาม
|
| 999 ^aใช้งานได้ทุกระบบ
|